000 00195nam a22000737a 4500
999 _c23586
_d23586
003 Nust
005 20170526164449.0
008 131219b xxu||||| |||| 00| 0 eng d
020 _cAvailable
040 _aDLC
_bDLC
_cRCMS
082 _a301 TAG
100 _aAbdul Hameed Taga
_9472
245 _aSociology and Social Problems
_bfor All Degree Classes
260 _aLahore
_bAbdul Hameed Taga & Sons
_cc2008
300 _a413 p. :
_bill. ;
_c20 cm.
500 _aIncludes Index
538 _iShelf # 13, Row # 3, Fiction.
650 _aSociology
_9367
856 _3Table of Content Only
942 _2ddc
_cFIC